| 000 | 01991nam0a2200385 4500 | ||
|---|---|---|---|
| 001 | RU\NLR\BIBL_A\022679229 | ||
| 005 | 20260420061026.0 | ||
| 010 |
_a978-5-04-198239-3 _92000 |
||
| 021 |
_aRU _bКН-П-25-064324 _9КН-П-25-6233 |
||
| 035 | _a(NLR Aleph) 022679229 | ||
| 090 |
_a13686554 _c13686554 |
||
| 100 | _a20251204d2025 k y0rusy50 ca | ||
| 101 | 1 |
_arus _cita |
|
| 102 | _aRU | ||
| 105 | _aa z 001yy | ||
| 181 | 0 |
_ai _baxxe |
|
| 182 | 0 | _an | |
| 200 | 1 |
_aАбсолютно новый мозг _eкак избавиться от тумана в голове, обрести острый ум и ясную память естественными методами _e[новаторское исследование о пользе ноотропов, адаптогенов и микотерапии] _fС. Кацавиллан _g[перевод с итальянского Г. В. Куликовой] |
|
| 203 |
_aТекст _bвизуальный _cнепосредственный |
||
| 210 |
_aМосква _cЭксмо, Бомбора _d2025 |
||
| 215 |
_a239 с. _cил. _d22 |
||
| 225 | 1 |
_aМозговедение _iИнструменты для активации наших скрытых ресурсов |
|
| 300 | _aНа задней сторонке пер. авт.: С. Кацавиллан – адъюнкт-проф. Миланского ун-та | ||
| 320 | _aБиблиогр.: с. 194–232 | ||
| 320 | _aУказ.: 233–239 | ||
| 333 | _a18+ | ||
| 606 | 1 |
_aГоловной мозг _jПопулярные издания _xФункции _92228610 _3RU\NLR\AUTH\661337751 |
|
| 606 | 1 |
_aГоловной мозг _jПопулярные издания _xБолезни _xПрофилактика _92473577 _3RU\NLR\AUTH\661468890 |
|
| 686 | 1 | _aЕ991.77я9 | |
| 686 | 1 | _aР627.7-8я9 | |
| 700 | 1 |
_aКацавиллан _bС. _gСтефания |
|
| 942 | _cBOOK | ||
| 980 | _aNB | ||